West Virginia Counties - Sudden Death - Statistics

General Stats
  • This quiz has been taken 40 times
  • The average score is 20 of 36
Answers on the Grid
Answers color-coded by a green-red scale on the quiz's grid according to % correct below.
Adams
Albemarle
Amherst
Baldwin
Barbour
Berkeley
Bath
Brooke
Cabell
Camden
Charles
Clay
Doddridge
Edgecombe
Fayette
Floyd
Garfield
Gilmer
Grant
Greene
Hampshire
Hancock
Harding
Harrison
Jackson
Jefferson
Johnson
Jones
Kanawha
Kendall
Kemper
Knox
Louisa
Lincoln
Logan
Marion
Madison
Mason
Mercer
Monongalia
Monroe
Nelson
Northumberland
Ohio
Pendleton
Perry
Pleasants
Pocahontas
Raliegh
Rappahannock
Reagan
Richland
Roane
Scott
Shelby
Summers
Taylor
Tyler
Tucker
Turner
Unicoi
Union
Upshur
Upton
Webster
Wheeler
Wood
Wyoming
 
Answer Stats
Answer % Correct
Barbour
89%
Berkeley
89%
Doddridge
83%
Cabell
78%
Hampshire
78%
Clay
72%
Fayette
72%
Grant
72%
Hancock
72%
Brooke
67%
Gilmer
61%
Kanawha
61%
Monroe
61%
Webster
61%
Jackson
56%
Raliegh
56%
Harrison
50%
Jefferson
50%
Pendleton
50%
Roane
50%
Taylor
50%
Wyoming
50%
Lincoln
44%
Logan
44%
Marion
44%
Mason
44%
Monongalia
44%
Pocahontas
44%
Tyler
44%
Upshur
44%
Wood
44%
Mercer
39%
Ohio
39%
Tucker
39%
Summers
33%
Pleasants
28%
No matching quizzes found
Score Distribution
Percent of People with Each Score
Percentile by Number Answered
Your Score History
You have not taken this quiz